| 000 | 00371nam a2200145 4500 | ||
|---|---|---|---|
| 999 |
_c512341 _d512341 |
||
| 008 | 191119b ||||| |||| 00| 0 eng d | ||
| 100 |
_aPradhan, Ramchandra _913483 |
||
| 245 | _aTowards an egalitarian society | ||
| 260 | _bYojana | ||
| 300 | _a63, Oct, 2019: p.23-25. | ||
| 650 |
_aGandhi, M.K. _913484 |
||
| 773 | _aYojana | ||
| 906 | _aLabour | ||
| 942 |
_2ddc _cAR |
||